000 02045cam0 2200421 ib4500
001 BY-BR0000-br20239331779
005 20250829140104.0
010 ^a978-5-04-174536-3
^bв переплете
100 ^a20230817d2023 e y0rusy50 ca
101 1 ^arus
^ceng
102 ^aRU
105 ^ay z 000zy
109 ^ama
200 1 ^aАид. История повелителя подземного мира
^e[для старшего школьного возраста]
^fСерена Валентино
^g[перевод с английского А. П. Шустовой]
210 ^aМосква
^cЭксмо
^d2023
215 ^a253, [1] с.
^d21 см
225 1 ^aDisney. Злодеи Дисней. Нерассказанные истории
304 ^aЗаглавие и автор оригинала: Fire and Fate. A Tale of the Lord of Darkness / Serena Valentino
333 ^a12+
345 ^910 000 экз. (дополнительный тираж)
454 1 ^12001
^aFire and Fate. A Tale of the Lord of Darkness
^1700 1
^aValentino
^bS.
^gSerena
606 0 ^aЗАРУБЕЖНАЯ ЛИТЕРАТУРА
^2DVNLB
^3BY-NLB-ar10779
606 0 ^aАМЕРИКАНСКАЯ ЛИТЕРАТУРА
^2DVNLB
^3BY-NLB-ar2286
608 ^aДЕТСКАЯ И ЮНОШЕСКАЯ ЛИТЕРАТУРА (художеств. произведение)
^3BY-NLB-ar9019
^2BYGNR
608 ^aПРОЗА (лит. произведение)
^3BY-NLB-ar2648148
^2BYGNR
686 ^a84(7США)
^2rubbk
690 ^a1
^2Base
^9BY-MI0021
^xRSEK
700 1 ^aВалентино
^bС.
^gСерена
^3BY-SEK-ar15008006
702 1 ^aШустова
^bА. П.
^4730
801 0 ^aBY
^bBY-BR0000
^c20230817
^gRCR
801 2 ^aBY
^bBY-HO0006
^c20231101
^gRCR
801 2 ^aBY
^bBY-MI0021
^c20250819
^gRCR
035 ^a(BY-MI0021)BY-BR0000-br20239331779
899 0 ^aBY-MI0021
^iВ15
^h84(7Сое)